000 00589nam a22001937a 4500
005 20251108170839.0
008 250721s1987 xx 000 0 ara d
082 1 4 _a413.3/مقر
100 1 _aالمقرئ، أحمد بن محمد بن علي الفيومي
245 1 0 _aالمصباح المنير معجم عربي - عربي /
264 1 _aبيروت :
_bمكتبة لبنان،
_c1987.
300 _a272ص.
650 1 7 _aعلم المعاجم
650 1 7 _aالمعاني
650 1 7 _aاللغة العربية
650 1 7 _aلفظ
942 _2ddc
_cREF
999 _c50419
_d50419